Central Library OPAC University of Rajshahi

Technique of inorganic chemistry / (Record no. 71998)

MARC details
000 -LEADER
fixed length control field 00802nam a2200241 a 4500
001 - CONTROL NUMBER
control field 71998
003 - CONTROL NUMBER IDENTIFIER
rucl marc code BD-RjUL
005 - DATE AND TIME OF LATEST TRANSACTION
control field 20211209082210.0
008 - FIXED-LENGTH DATA ELEMENTS--GENERAL INFORMATION
fixed length control field 170511d1957 nyuax b 0 1 0eng d
035 ## - SYSTEM CONTROL NUMBER
System control number (BD-RjUL)72214
040 ## - CATALOGING SOURCE
Original cataloging agency DLC
Language of cataloging eng
Transcribing agency BD-RjUL
Modifying agency OCoLC
041 ## - LANGUAGE CODE
Language code of text/sound track or separate title eng
082 04 - DEWEY DECIMAL CLASSIFICATION NUMBER
Classification number 547
Edition number 23
Author mark and year TEC 1957
245 00 - TITLE STATEMENT
Title Technique of inorganic chemistry /
Statement of responsibility, etc. editor, Arnold Weissberger.....[et al.]
250 ## - EDITION STATEMENT
Edition statement 2nd completly rev. & aug. ed.
260 ## - PUBLICATION, DISTRIBUTION, ETC. (IMPRINT)
Place of publication, distribution, etc. New York :
Name of publisher, distributor, etc. Interscience Publishers,
Date of publication, distribution, etc. 1957.
300 ## - PHYSICAL DESCRIPTION
Pagination v., pt. :
Illustrations ill. ;
Size 24 cm.
504 ## - BIBLIOGRAPHY, ETC. NOTE
Bibliography, etc Includes Bibliography and Index.
505 0# - FORMATTED CONTENTS NOTE
Formatted contents note Vol. 3 -- Pt. 2. Laboratory Engineering--v. 3.-- Pt. 1. Sepation and purification--
650 ## - SUBJECT ADDED ENTRY--TOPICAL TERM
Topical term or geographic name as entry element Chemistry, Organic
9 (RLIN) 212955
700 1# - ADDED ENTRY--PERSONAL NAME
Personal name Weissberger, Arnold
942 ## - ADDED ENTRY ELEMENTS (KOHA)
Source of classification or shelving scheme Dewey Decimal Classification
Koha item type Books
Holdings
Lost status Source of classification or shelving scheme Damaged status Not for loan Collection code Permanent Location Current Location Shelving location Date acquired Source of acquisition Total Checkouts Full call number Date last seen Copy number Koha item type Cost, normal purchase price
  Dewey Decimal Classification   Not For Loan Non-fiction Central Library, University of Rajshahi Central Library, University of Rajshahi Reading Room 09/12/2021 Zeithenger   547 TEC V-3,pt.-2 1957 11/05/2017 C-1 Books  
  Dewey Decimal Classification     Non-fiction Central Library, University of Rajshahi Central Library, University of Rajshahi   09/12/2021 Zeithenger   547 TEC V-3,pt.-2 1957 11/05/2017 C-2 Books 105.00
  Dewey Decimal Classification     Non-fiction Central Library, University of Rajshahi Central Library, University of Rajshahi   09/12/2021 Zeithenger   547 TEC V-3,pt.-2 1957 11/05/2017 C-3 Books 79.00
  Dewey Decimal Classification   Not For Loan Non-fiction Central Library, University of Rajshahi Central Library, University of Rajshahi Reading Room 28/01/1963 Zeitlinger   547 TEC V-3,Pt-1 1956 07/06/2017 C-1 Books 150.00